000 00601nam a2200253Ia 4500
005 20260121155358.0
008 008 260114s9999 xx 000 0 eng d
020 _a9780367859091
037 _aEBOOK
040 _aCRL
040 _beng
040 _cCRL
041 _2eng
041 _aeng
084 _qCRL
100 _a Winifred Ernst
_91018792
245 0 _aJohn Dryden and His Readers: 1700
260 _bTaylor and Francis
260 _c2020
856 _uhttp://www.taylorfrancis.com/books/9780367859091
942 _cEBOOK
999 _c1585611
_d1585611